The navigator /

Сохранить в:
Библиографические подробности
Главный автор: West,Morris
Формат:
Опубликовано: Fontana, 1976.
Предметы:
Метки: Добавить метку
Нет меток, Требуется 1-ая метка записи!
Thư viện lưu trữ: Mạng thư viện Đại học Đà Nẵng
LEADER 00790nam a22002531a 4500
001 000040606
003 16901
005 20230425151334.0
008 160412s1976 000
082 |a 803  |b WE-M 
100 |a West,Morris 
245 0 |a The navigator /  |c Morris West. 
260 |b Fontana,  |c 1976. 
300 |a 317p. ;  |c 20cm. 
653 |a The navigator 
OWN |a LNN 
AVA |a UDN50  |b LNN  |c English  |d 803WE-M  |e available  |t Error 5001 Not defined in file expand_doc_bib_avail.  |f 1  |g 0  |h N  |i 5  |j AN 
999 |a From the UDN01 
AVA |a UDN50  |b LNN  |c English  |d 803WE-M  |e available  |t Error 5001 Not defined in file expand_doc_bib_avail.  |f 1  |g 0  |h N  |i 5  |j AN 
TYP |a Monograph 
980 |a Mạng thư viện Đại học Đà Nẵng